Statistiche per Rosa Sampdoria (2017/2018)

Clicka qui per fare il quiz!

Statistiche generali

  • Questo quiz è stato fatto 13 volte
  • Il punteggio medio è 12 su 23

Statistiche sulle risposte

NAZIONALITA'GIOCATORE% Corretto
ItaliaQuagliarella
100%
PoloniaLinetty
92%
ColombiaZapata
92%
ItaliaViviano
75%
UruguayRamirez
67%
UruguayTorreira
67%
DanimarcaAndersen
58%
PoloniaBereszynski
58%
ItaliaFerrari
58%
PoloniaKownacki
50%
BelgioPraet
50%
CroaziaStrinic
50%
ParaguayBarreto
42%
SerbiaDjuricic
42%
BrasileDodo
42%
ItaliaMurru
42%
ItaliaVerre
42%
ArgentinaAlvarez
33%
ItaliaCaprari
33%
ArgentinaSilvestre
33%
ItaliaPuggioni
25%
ItaliaRegini
25%
ItaliaSala
8%

Distribuzione punteggi

Percentile per numero di risposta

Percentuale di utenti per punteggio

I tuoi punteggi nel tempo

Non hai fatto questo quiz